Index to the Publications of the Asiatic Socity/ (Record no. 165278)

MARC details
000 -LEADER
fixed length control field 00616nam a22001937a 4500
005 - DATE AND TIME OF LATEST TRANSACTION
control field 20190613162406.0
010 ## - LCCN (DPL NO)
LC control number ENG-125565
020 ## - INTERNATIONAL STANDARD BOOK NUMBER
International Standard Book Number 9789381574959
Terms of availability 900.00
035 ## - SYSTEM CONTROL NUMBER
System control number EN-109097
037 ## - SOURCE OF ACQUISITION
Source of stock number/acquisition DBAD/PUB
082 ## - DEWEY DECIMAL CLASSIFICATION NUMBER
Classification number 016.052
100 ## - MAIN ENTRY--PERSONAL NAME
Personal name Chaudhuri, Sibadas
245 ## - TITLE STATEMENT
Title Index to the Publications of the Asiatic Socity/
Statement of responsibility, etc by Sibadas Chaudhuri
260 ## - PUBLICATION, DISTRIBUTION, ETC. (IMPRINT)
Place of publication, distribution, etc Kolkata
Date of publication, distribution, etc 2019
Name of publisher, distributor, etc Satyabrata Chakrabarti
270 ## - ADDRESS
Address General Secretary the Asiatic Society 1 Park Street
City kolkata
Postal code 700016
300 ## - PHYSICAL DESCRIPTION
Extent 836p.
Dimensions 24cm(pbk)
Other physical details ill.
500 ## - GENERAL NOTE
General note include index
942 ## - ADDED ENTRY ELEMENTS (KOHA)
Source of classification or shelving scheme Dewey Decimal Classification
Item type English Books
Classification part 061.052
Call number suffix CHU
Holdings
Withdrawn status Lost status Not for loan Collection code Home library Current library Date acquired Source of acquisition Cost, normal purchase price Full call number Barcode Copy number Cost, replacement price Koha item type
      Non-fiction Central Library Central Library 13/06/2019 DBAD/PUB 900.00 061.052 CHU EN-109097 1 900.00 English Books

© Delhi Public Library
Hit Counter
free hit counter